00356 2200145 4500001002100000005001500021035002000036245006300056100001700119300001200136260002800148082000800176084001400184990001200198INLIS00000000000228820250528075845 a0010-05250005801 aMenembus Ruang dan Waktu Menuju Pencapaian /cDin Zamsudin0 aDin Zamsudin a279 hlm bAl Mawardi Prima,c2005 a813 a813 DIN m a0712596